Biblioteca

Wurzeln der Weisheit : (Registro nro. 65742)

Detalles MARC
000 -LÍDER
Campo fijo de descripción fija 01558cam a2200349 i 4500
001 - NÚMERO DE CONTROL
Campo de control 768714001
003 - IDENTIFICADOR DEL NÚMERO DE CONTROL
Campo de control CO-MdFUSB
005 - FECHA Y HORA DE LA ULTIMA TRANSACCIÓN
control field 20240723142509.0
007 - CAMPO FIJO DE DESCRIPCIÓN FIJA--INFORMACIÓN GENERAL
Campo fijo de descripción fija ta
008 - ELEMENTOS DE LONGITUD FIJA -- INFORMACIÓN GENERAL
Campo fijo de descripción fija -- Información general 910402t1990 gw b 000 0 ger
010 ## - NÚMERO DE CONTROL DE LA BIBLIOTECA DEL CONGRESO
Número de control LC 91136395
020 ## - NÚMERO INTERNACIONAL NORMALIZADO PARA LIBROS
Número Internacional Normalizado del libro 3525516738
040 ## - FUENTE DE CATALOGACIÓN
Agencia de catalogación original DLC
Agencia que realiza la transcripción CO-MdFUSB
Idioma de catalogación spa
Agencia que realiza la modificación CO-MdFUSBC
Convenciones de la descripción rda
041 ## - CÓDIGO DE IDIOMA
Código de idioma para texto/pista de sonido o título separado ger
082 00 - NÚMERO DE CLASIFICACIÓN DECIMAL DEWEY
Número de clasificación 223.06
Número de la edición del Dewey 23
Clave de autor-Numero de item W527
100 1# - ASIENTO PRINCIPAL--NOMBRE PERSONAL
Nombre personal Westermann, Claus.
Término relacionador autor
245 10 - TÍTULO
Título del Material Wurzeln der Weisheit :
Parte restante del título - Subtitulo die ältesten Sprüche Israels und anderer Völker /
Mención de responsabilidad, etc. Claus Westermann.
264 #1 - PRODUCCIÓN, PUBLICACIÓN, DISTRIBUCIÓN, MANUFACTURA, Y COPYRIGHT
Lugar de producción, publicación, distribución, manufactura Göttingen :
Nombre del productor, publicador, distribuidor Vandenhoeck & Ruprecht,
Fecha de producción, publicación, distribución, manufactura, o copyright [1990]
264 #4 - PRODUCCIÓN, PUBLICACIÓN, DISTRIBUCIÓN, MANUFACTURA, Y COPYRIGHT
Fecha de producción, publicación, distribución, manufactura, o copyright © 1990
300 ## - DESCRIPCIÓN FÍSICA
Extensión 186 páginas ;
Dimensiones 25 cm
336 ## - TIPO DE CONTENIDO
Fuente rdacontent
Término de tipo de contenido texto
Código de tipo de contenido txt
337 ## - TIPO DE MEDIO
Fuente rdamedia
Nombre del tipo de medio sin mediación
Código del tipo de medio n
338 ## - TIPO DE SOPORTE
Fuente rdacarrier
Nombre del tipo de soporte volumen
Código Tipo de soporte nc
504 ## - NOTA DE BIBLIOGRAFÍA, ETC.
Nota de bibliografía, etc Incluye referencias bibliográficas páginas. (183-186).
505 ## - NOTA DE CONTENIDO
Nota de contenido con formato preestablecido Estudio e interpretación del Antiguo Testamento. -- Proverbios de la Biblia. -- Biblia AT Proverbios Crítica, interpretación, etc. -- Biblia AT Proverbios Crítica, interpretación, etc. -- Biblia. Proverbios. -- Biblia. Proverbios Crítica, interpretación, etc. -- Crítica, interpretación, etc. -- Israel. -- Literatura sapiencial Crítica, interpretación, etc. -- Proverbios (libro de la Biblia) -- Sabiduría. -- Literatura sapiencial. -- Literatura sapiencial Crítica, interpretación, etc.<br/>
563 t# - NOTA DE ENCUADERNACIÓN
Nota de encuadernación Rústico
630 07 - TITULO UNIFORME
Título uniforme Biblia.
Nombre de parte o sección de la obra Proverbios
Subdivisión de materia general Crítica, interpretación, etc
942 ## - TIPO DE MATERIAL (KOHA)
Tipo de Item KOHA Libros General
945 ## - INFORMACIÓN LOCAL DEL REGISTRO
Catalogador JTF-925
Existencias
Estado de Material Estado de Perdido Forma de Clasificación Estado de Dañado No para Préstamo Colección Biblioteca de Origen Biblioteca Permanente Fecha de Adquisición Forma de Adquisición Área Total de Préstamos Signatura Topográfica Código de Barras Última vez visto Ejemplar/Existencia Fecha de Remplazo Tipo de Material
    Dewey Decimal Classification     Colección General Biblioteca FUSBC Biblioteca FUSBC 21/04/2020 Donación Nottingham BIBLIA   G 223.06 W527w 24564 26/08/2024 Ej.1 21/04/2020 Libros General

Biblioteca FUSBC | Teléfono: (57+4) 349 88 10 Ext. 141| WhatsApp (+57) 3005338115 
E-mail: biblioteca@unisbc.edu.co | Calle 76 87-14 Robledo Palenque, Medellín, Colombia

Con tecnología Koha